| 000 | 07199njm0a2200613 4500 | ||
|---|---|---|---|
| 001 | RU\NLR\ONIZ\263633 | ||
| 005 | 20250708193144.0 | ||
| 035 | _a(NLR Aleph) 012558775 | ||
| 090 |
_a13284138 _c13284138 |
||
| 100 | _a20210303d1987 |||y0rusy50 ca | ||
| 102 | _aRU | ||
| 126 |
_azbbxexu ux _bxxx |
||
| 127 | _a000045 | ||
| 135 | _ahonoannnanndn | ||
| 200 | 1 |
_aРомансы _bЗвукозапись _fА. Алябьев _gисполняют : К. Плужников, тенор, М. Мишук, фортепиано |
|
| 210 |
_aМосква _cМелодия _gЛенинградская студия грамзаписи _eЛенинград _d1987 |
||
| 215 |
_a1 грп. [ГОСТ 5289-80] (45 мин) : 33 об/мин , стерео _d30 см, в конв |
||
| 225 | 1 | _aМузыкальное творчество народов СССР | |
| 225 | 1 | _aРусская классическая музыка | |
| 300 | _aЗапись 1986 г. | ||
| 327 | 1 |
_a1. Певец / [автор слов] : А. Пушкин ; _a2. Верность до гроба / [автор слов] : В. Жуковский ; _a3. Канареечка / автор слов неизвестен ; _a4. Не задумывайся, мой друг / [автор слов] : Д. Путилов ; _a5. К ней... / [автор слов] : Н. Панин ; _a6. Воспоминание / [автор слов] : В. Жуковский ; _a7. Что поешь, краса-девица / [автор слов] : В. Домонтович ; _a8. Кольцо души-девицы / [автор слов] : В. Жуковский ; _a9. Пахитос / [автор слов] : И. Мятлев ; _a10. Я вижу образ твой / [автор слов] : А. Бистром, из Гете ; _a11. Дружбы нежное волненье / автор слов неизвестен ; _a12. Голова ль моя головушка / [автор слов] : А. Дельвиг ; _a13. Я пережил свои желанья / [автор слов] : А. Пушкин ; _a14. Её два раза видел я : куплеты из оперы-водевиля "Встреча дилижансов" / П. Арапов ; _a15. Вот моя песнь! / [автор слов] : В. Алябьев |
|
| 464 | 0 |
_12001#$aПевец$f[автор слов] : А. Пушкин _1702#1$9z01790$aПушкин$bА. С.$gАлександр Сергеевич$f1799-1837$4520$7ca _1790#1$9z01702$aPuškin$bA. S.$gAleksandr Sergeevič$f1799-1837$4520$7ba _tПевец |
|
| 464 | 0 |
_12001#$aВерность до гроба$f[автор слов] : В. Жуковский _1702#1$9z01790$aЖуковский$bВ.А.$gВасилий Андреевич$f1783-1852$4520 _1790#1$9z01702$aŽukovskij$bV. A.$gVasilij Andreevič$f1783-1852$4520$7ba _tВерность до гроба |
|
| 464 | 0 |
_12001#$aКанареечка$gавтор слов неизвестен _tКанареечка |
|
| 464 | 0 |
_12001#$aНе задумывайся, мой друг$f[автор слов] : Д. Путилов _1702#1$9z01790$aПутилов$bД.$gДмитрий$f1802-1860$4520$7ca _1790#1$9z01702$aPutilov$bD.$gDmitrij$f1802-1860$4520$7ba _tНе задумывайся, мой друг |
|
| 464 | 0 |
_12001#$aК ней...$f[автор слов] : Н. Панин _1702#1$9z01790$aПанин$bН.$cпоэт$4520$7ca _1790#1$9z01702$aPanin$bN.$4520$7ba _tК ней... |
|
| 464 | 0 |
_12001#$aВоспоминание$f[автор слов] : В. Жуковский _1702#1$9z01790$aЖуковский$bВ.А.$gВасилий Андреевич$f1783-1852$4520 _1790#1$9z01702$aŽukovskij$bV. A.$gVasilij Andreevič$f1783-1852$4520$7ba _tВоспоминание |
|
| 464 | 0 |
_12001#$aЧто поешь, краса-девица$f[автор слов] : В. Домонтович _1702#1$9z01790$aДомонтович$bВ. В.$gВасилий Васильевич$cпоэт$f1807-1868$4520$7ca _1790#1$9z01702$aDomontovič$bV.$gVasilij$f1807-1868$4520$7ba _tЧто поешь, краса-девица |
|
| 464 | 0 |
_12001#$aКольцо души-девицы$f[автор слов] : В. Жуковский _1702#1$9z01790$aЖуковский$bВ.А.$gВасилий Андреевич$f1783-1852$4520 _1790#1$9z01702$aŽukovskij$bV. A.$gVasilij Andreevič$f1783-1852$4520$7ba _tКольцо души-девицы |
|
| 464 | 0 |
_12001#$aПахитос$f[автор слов] : И. Мятлев _1702#1$9z01790$aМятлев$bИ. П.$gИван Петрович$f1796-1844$4520$7ca _1790#1$9z01702$aMjatlev$bI.$gIvan$f1796-1844$4520$7ba _tПахитос |
|
| 464 | 0 |
_12001#$aЯ вижу образ твой$f[автор слов] : А. Бистром, из Гете _1702#1$9z01790$aБистром$bА.$gАлександр$cпоэт$4520$7ca _1790#1$9z01702$aBistrom$bA.$gAleksandr$4520$7ba _tЯ вижу образ твой |
|
| 464 | 0 |
_12001#$aДружбы нежное волненье$gавтор слов неизвестен _tДружбы нежное волненье |
|
| 464 | 0 |
_12001#$aГолова ль моя головушка$g[автор слов] : А. Дельвиг _1702#1$9z01790$aДельвиг$bА.А.$gАнтон Антонович$f1798-1831$4520$7ca _1790#1$9z01702$aDel`vig$bA. A.$gAnton Antonovič$f1798-1831$4520$7ba _tГолова ль моя головушка |
|
| 464 | 0 |
_12001#$aЯ пережил свои желанья$f[автор слов] : А. Пушкин _1702#1$9z01790$aПушкин$bА. С.$gАлександр Сергеевич$f1799-1837$4520$7ca _1790#1$9z01702$aPuškin$bA. S.$gAleksandr Sergeevič$f1799-1837$4520$7ba _tЯ пережил свои желанья |
|
| 464 | 0 |
_12001#$aЕё два раза видел я$eкуплеты из оперы-водевиля "Встреча дилижансов"$fП. Арапов _1702#1$9z01790$aАрапов$bП. Н.$gПимен Николаевич$f1796-1861$4520$7ca _1790#1$9z01702$aArapov$bP. N.$gPimen Nikolaevič$f1796-1861$4520$7ba _tЕё два раза видел я |
|
| 464 | 0 |
_12001#$aВот моя песнь!$f[автор слов] : В. Алябьев _tВот моя песнь! |
|
| 606 | 1 |
_aВокальная музыка русская _z19 в. _jЗвукозапись _2nlr_sh |
|
| 606 | 1 |
_aРомансы русских композиторов _z19 в. _jЗвукозапись _2nlr_sh |
|
| 686 | 0 | _aЩ943.1-043.3я44(28) | |
| 700 | 1 |
_9z05790 _aАлябьев _bА.А. _f1787-1851 _gАлександр Александрович _4230 |
|
| 702 | 1 |
_9z10790 _aПлужников _bК.И. _cтенор _f1944- _gКонстантин Ильич _4590 _4vte _7ca |
|
| 702 | 1 |
_9z11790 _aМишук _bМ. В. _cфортепиано _gМарина Васильевна _4590 _4kfp _7ca |
|
| 790 | 1 |
_9z05700 _aAljab`ev _bA. A. _f1787-1851 _gAleksandr Aleksandrovič _4230 _7ba |
|
| 790 | 1 |
_9z10702 _aPlužnikov _bK. I. _f1944- _gKonstantin Il`ič _4590 _4vte _7ba |
|
| 790 | 1 |
_9z11702 _aMišuk _bM. V. _cpiano _gMarina Vasil`evna _4590 _4kfp _7ba |
|
| 801 | 0 |
_aRU _bNLR _c20210303 _gPSBO |
|
| 801 | 1 |
_aRU _bNLR _c20210303 _2rusmarc |
|
| 801 | 2 |
_aRU _bNLR _c20210503 |
|
| 852 |
_aNLR _bМг _j3/5497 _p21875 _t1 |
||
| 942 | _cREC | ||
| 980 | _aNB | ||
| 980 | _aONIZ | ||